Comentario a la Primera carta de San Juan / Agustín de Hipona

Na minha lista:
Detalhes bibliográficos
Autor principal: Hipona, Agustín de (autor)
Formato: Livro
Colecção:Ichthys ; 22
Assuntos:
Tags: Adicionar Tag
Sem tags, seja o primeiro a adicionar uma tag!

MARC

LEADER 00000nam^a2200000^u^4500
001 000553242
005 20250521000000.0
008 060220s1000^^^^^^^^^^^^r^^^^^000^0^spa^d
009 20260310131633.804
022 |a 843011470X 
035 |a FMI 000023034 
037 |a Acervo Xavier Clavigero 
096 |a 1.2/38/E 
100 |a Hipona, Agustín de  |e (autor) 
245 1 0 |a Comentario a la Primera carta de San Juan / Agustín de Hipona 
264 |a Salamanca, España : Ediciones Sígueme, 2002 
300 |a 190 p 
336 |a texto  |b txt  |2 rdacontenido 
337 |a sin mediación  |b n  |2 rdamedio 
338 |a volumen  |b nc  |2 rdasoporte 
440 0 |a Ichthys ; 22 
649 |a XX 
650 |a Comentarios bíblicos 
910 |a Fondo Francisco Migoya Covarrubias S.J. 
920 |a Impresos - Libros 
930 |a Fondos Especiales 
905 |a 134 
901 |a SBC30476  |b IT2  |c ESP  |u 20250521 
902 |a https://opac.biblio.iteso.mx/vufind/Record/000553242